000 01221nam a22002057a 4500
999 _c62370
_d62370
003 Ge_BSU
005 20241017122834.0
008 241017s1991 ge ||||| |||| 00| 0 geo d
041 _ageo
080 _a616.1/4(075.8) გ-92
100 _aგუგეშაშვილი, შიო
_923427
245 _aშინაგან დავადებათა პროპედევტიკა :
_b[სახელმძღვანელო სამედ. ინ-ტის სტუდენტებისათვის]. ნაწ. 1 /
_cშიო გუგეშაშვილი.
264 _aთბილისი :
_bგანათლება,
_c1991.
300 _a559 გვ. :
_b ილ.;
_c22 სმ.
653 _aშინაგანი დავადებების პროპედევტიკა
653 _aმედიცინა
653 _aსუნთქვის ორგანოების სისტემა--სისხლის მიმოქცევის ორგანოთა სისტემა
653 _aსაჭმლის მომნელებელი ტრაქტის ორგანოები
942 _2udc
_cᲬᲘᲒᲜᲘ